| 000 | 00466pab a2200181 454500 | ||
|---|---|---|---|
| 008 | 180718b1996 xxu||||| |||| 00| 0 eng d | ||
| 100 | _aGhosh, Jayati | ||
| 245 | _aUsing foodstocks productivity | ||
| 260 | _c1996 | ||
| 300 | _ap.1235-237 | ||
| 362 | _a25 May | ||
| 650 | _aFood supply - India | ||
| 650 | _aPublic distribution system | ||
| 700 | _aChandrasekhar, C.P. | ||
| 700 | _aSen, Abhijit | ||
| 773 | _aEconomic and Political Weekly | ||
| 909 | _a31465 | ||
| 999 |
_c31465 _d31465 |
||